00284 2200121 4500001002100000005001500021035002000036245004400056260003100100082000800131084001200139990001100151INLIS00000000000263520250605032811 a0010-0625000221 aSukses EBTANAS Lulus UMPTN /cPardiyono aJakarta :bErlangga,c2000 a600 a600 SUK a032065